National Assembly Library of Thailand

กฎหมายสุโขทัยธรรมาธิราช ปีที่ 23 ฉบับที่ 1-2 (มิ.ย.-ธ.ค. 2554) (ระเบียนเลขที่ 105568)

รายละเอียดในรูปแบบ MARC
000 -LEADER
fixed length control field 03428nas a22002897a 4500
003 - CONTROL NUMBER IDENTIFIER
control field NALT
005 - DATE AND TIME OF LATEST TRANSACTION
control field 20240807144358.0
006 - FIXED-LENGTH DATA ELEMENTS--ADDITIONAL MATERIAL CHARACTERISTICS
fixed length control field a|||p|r|||| 00| 0
007 - PHYSICAL DESCRIPTION FIXED FIELD--GENERAL INFORMATION
fixed length control field ta
008 - FIXED-LENGTH DATA ELEMENTS--GENERAL INFORMATION
fixed length control field 240731b th |||p| |||| 00| 0 tha d
022 ## - INTERNATIONAL STANDARD SERIAL NUMBER
International Standard Serial Number 08579776
040 ## - CATALOGING SOURCE
Original cataloging agency NALT
041 ## - LANGUAGE CODE
Language code of text/sound track or separate title tha
245 00 - TITLE STATEMENT
Title กฎหมายสุโขทัยธรรมาธิราช ปีที่ 23 ฉบับที่ 1-2 (มิ.ย.-ธ.ค. 2554)
260 ## - PUBLICATION, DISTRIBUTION, ETC.
Place of publication, distribution, etc. พี.เอ.ลิฟวิ่ง จำกัด
310 ## - CURRENT PUBLICATION FREQUENCY
Current publication frequency ราย 6 เดือน
500 ## - GENERAL NOTE
General note วารสารเย็บเล่ม
505 2# - FORMATTED CONTENTS NOTE
Formatted contents note ปีที่ 23 ฉบับที่ 1 มิ.ย. 2554 -- วิธีการจัดเก็บภาษีที่มีประสิทธิภาพ : ข้อเสนอเพื่อการปฏิรูปการหักภาษีเงินได้ ณ ที่จ่าย -- Thai Traditional Medicine Protection <br/>(Part II) -- มาตรการปรับค่าคาร์บอนก่อนเข้าพรมแดนและตลาดคาร์บอน : กลไกในการลดภาวะโลกร้อนกับการเตรียมพร้อมของประเทศไทย -- วัวหายล้อมคอก -- <br/>พยานวัตถุที่พูดได้ -- ปัญหาทางกฎหมายของกองทุนจัดรูปที่ดินเพื่อพัฒนาพื้นที่ -- ความรับผิดทางอาญาของการลักลอบจูนโทรศัพท์เคลื่อนที่ -- พระราชบัญญัติความ<br/>ปลอดภัย อาชีวอนามัยและสภาพแวดล้อมในการทำงาน พ.ศ. 2554 -- พระราชบัญญัติคุ้มครองผู้รับงานไปทำที่บ้าน พ.ศ. 2553.
-- ปีที่ 23 ฉบับที่ 2 ธ.ค. 2554 -- สิทธิในทรัพย์สินโดยการแย่งกับการร้องขอให้ศาลสั่งแสดงสิทธินั้น -- ประมาททั้งสองฝ่าย ใครรับผิด? -- สำเนาข้อมูลคอมพิวเตอร์ของผู้อื่น<br/>โดยมิชอบ -- รฟท. กับ กทม. ใครมีสิทธิในตลาดนัดจตุจักร -- วิชาชีพนักกฎหมายในต่างประเทศ -- Thailand and Legal Development -- The Concepts and<br/>Principles Related to Traditional Knowledge Protection -- Personal Information Protection in EU Electronic Commerce -- พระราชบัญญัติ<br/>ป้องกันและบรรเทาสาธารณภัย พ.ศ. 2550.
650 #0 - SUBJECT ADDED ENTRY--TOPICAL TERM
Topical term or geographic name entry element การจัดเก็บภาษี
9 (RLIN) 15734
650 #0 - SUBJECT ADDED ENTRY--TOPICAL TERM
Topical term or geographic name entry element ภาษีหัก ณ ที่จ่าย
9 (RLIN) 27141
850 ## - HOLDING INSTITUTION
Holding institution NALT
866 ## - TEXTUAL HOLDINGS--BASIC BIBLIOGRAPHIC UNIT
Textual string ปีที่ 23 ฉบับที่ 1 (มิ.ย. 2554)
866 ## - TEXTUAL HOLDINGS--BASIC BIBLIOGRAPHIC UNIT
Textual string ปีที่ 23 ฉบับที่ 2 (ธ.ค. 2554)
942 ## - ADDED ENTRY ELEMENTS (KOHA)
Koha item type Journal, Bound volume
Source of classification or shelving scheme Library of Congress Classification
996 ## - STAFF PROCESSING RECORDS (NALT)
Staff name aroonthip.c
Staff type LIBSTF
Acquisition or Cataloging date 2024-07-31
998 ## - STAFF NAME (NALT)
-- 179
-- อรุณทิพย์ จันทร์ดิษฐ์
รายการที่มีในห้องสมุด
Withdrawn status Lost status Source of classification or shelving scheme Damaged status Not for loan Collection code Home library Current library Shelving location Date acquired Total Checkouts Barcode Date last seen Price effective from Koha item type
    Library of Congress Classification     Bound Journal collection National Assembly Library of Thailand National Assembly Library of Thailand Journal & Magazine shelves 07/08/2024   2900016304 07/08/2024 07/08/2024 Journal, Bound volume
หอสมุดรัฐสภา
สำนักงานเลขาธิการสภาผู้แทนราษฎร เลขที่ 1111 ถนนสามเสน แขวงถนนนครไชยศรี เขตดุสิต กรุงเทพฯ 10300
The Secretariat of the House of Representatives 1111 Samsen Road, Thanon Nakhon Chai Si, Dusit, Bangkok 10300, THAILAND
โทรศัพท์: +66(0) 2242 5900 ต่อ 5714-5 โทรสาร: +66(0) 2242 5990 อีเมล: [email protected]